LEADER 01151nam a2200289 i 4500 001 000000197827 003 CaOOAMICUS 005 20140717000000.0 008 140717s1955 it u000 u ita u 013 $a176515 040 $aSeMil$bita 100 1 $aCourberive, Jean : de.$0(OLS)http://semarc/name/25970 245 10$aCome superare il complesso di inferioritą /$cdi J. de Courberive. 260 $aRoma :$bPaoline,$c1955. 300 $a94 p. ;$c18 cm. 490 0 $aPsychologica ;$v7 500 $aFondo card. Giovanni Colombo. 650 4$aPsicologia - Studi.$0(OLS)http://semarc/subject/2427 650 4$aAdolescenti - Psicologia.$0(OLS)http://semarc/subject/8605 650 4$aDebolezza .$0(OLS)http://semarc/subject/37097 830 0$aPsychologica ;$v7.$0(OLS)http://semarc/title/6166 850 $aSeMil 852 $aSeMil$W1$xVenegono$y1$m3GC II 86$j148383$B148383$CSeMilBibl$Z2$F159806 $8B 941 1 $a3 961 $aLascito: Colombo Card. Giovanni 996 $6245$aCome superare il complesso di inferioritą$9(OLS)http://semarc/title/285730 996 $6260$aRoma :$bPaoline$9(OLS)http://semarc/publisher/29686 LEADER 01147nam a2200277 i 4500 001 000000041490 003 CaOOAMICUS 005 20140513000000.0 008 140513s1994 it u000 u ita u 013 $a12660 020 $a88-372-1533-9 040 $aSeMil$bita 100 1 $aErnst, Josef <1926-2012>.$0(OLS)http://semarc/name/3368 240 10$aJohannes : Ein theologisches Portrait.$0(OLS)http://semarc/title/60131 245 10$aGiovanni :$bun ritratto teologico /$cJosef Ernst. 260 $aBrescia :$bMorcelliana,$c1994. 300 $a173 p. ;$c21 cm. 500 $aFondo Card. C.M. Martini. 650 4$aBibbia. Nuovo Testamento. Vangelo secondo Giovanni - Commentari, studi, critica, interpretazioni.$0(OLS)http://semarc/subject/119 850 $aSeMil 852 $aSeMil$W1$xVenegono$y1$m2Z I 204$j7645$B7645$CSeMilBibl$Z2$F7645 $81 941 1 $a4 961 $aOmaggio: Martini Card. Carlo Maria 996 $6020$a88-372-1533-9$9(OLS)http://semarc/number/12294 996 $6245$aGiovanni :$bun ritratto teologico$9(OLS)http://semarc/title/60130 996 $6260$aBrescia :$bMorcelliana$9(OLS)http://semarc/publisher/29629